[Event "ASEAN-ch U14 15th"]
[Site "Taipa"]
[Date "2014.06.07"]
[Round "6"]
[White "Mg Kyaw Zaw Hein, Maung"]
[Black "Xu, Haoen"]
[Result "1-0"]
[WhiteElo "1585"]
[BlackElo "1514"]
[PlyCount "97"]
[EventDate "2014.06.04"]
[EventType "swiss"]
[EventRounds "9"]
[EventCountry "MAC"]
[SourceTitle "CBM 160 Extra"]
[Source "ChessBase"]
[SourceDate "2014.07.01"]
[SourceVersion "1"]
[SourceVersionDate "2014.07.01"]
[SourceQuality "1"]

1. Nf3 Nf6 2. c4 e6 3. Nc3 d6 4. d4 b6 5. e4 Bb7 6. Qc2 c5 7. Be2 Be7 8. 0-0 a6 9. Rd1 Qc7 10. Bf4 cxd4 11. e5 Nh5 12. exd6 Bxd6 13. Bxd6 Qxd6 14. Rxd4 Qe7 15. Rad1 0-0 16. Na4 Qc7 17. Rd6 b5 18. Nb6 Ra7 19. c5 Nf4 20. b4 Nd5 21. Nxd5 Bxd5 22. Nd4 Nc6 23. Nxc6 Bxc6 24. Bd3 g6 25. Be4 Bxe4 26. Qxe4 a5 27. a3 axb4 28. axb4 Rfa8 29. Qd4 Rf8 30. g3 h5 31. Rd8 Ra8 32. Rd7 Qc6 33. Rd6 Qc7 34. c6 Ra6 35. Rc1 Qb6 36. Qxb6 Rxb6 37. Rd7 Kg7 38. c7 Rb7 39. Rc6 Rc8 40. Kg2 g5 41. Kf3 Kg6 42. Ke4 f6 43. Kd4 Kf5 44. f3 g4 45. f4 e5+ 46. fxe5 fxe5+ 47. Kd5 e4 48. Kd4 Re8 49. Rd5+ 1-0

[Event "ASEAN-ch U14 15th"]
[Site "Taipa"]
[Date "2014.06.05"]
[Round "3"]
[White "Mg Kyaw Zaw Hein, Maung"]
[Black "Loo, Hsien Rong Evan"]
[Result "0-1"]
[WhiteElo "1585"]
[BlackElo "1381"]
[PlyCount "102"]
[EventDate "2014.06.04"]
[EventType "swiss"]
[EventRounds "9"]
[EventCountry "MAC"]
[SourceTitle "CBM 160 Extra"]
[Source "ChessBase"]
[SourceDate "2014.07.01"]
[SourceVersion "1"]
[SourceVersionDate "2014.07.01"]
[SourceQuality "1"]

1. Nf3 Nf6 2. c4 c6 3. Nc3 e6 4. d4 d5 5. e3 Be7 6. Qc2 Nbd7 7. Be2 0-0 8. 0-0 a6 9. e4 dxe4 10. Nxe4 b5 11. b3 Bb7 12. Nxf6+ Nxf6 13. Be3 Rc8 14. Rfd1 Qc7 15. a4 bxc4 16. Qxc4 Nd5 17. Rac1 Nxe3 18. fxe3 Qb6 19. Ne5 Qc7 20. Nd3 Bg5 21. Nf4 Bxf4 22. exf4 Qxf4 23. Bf3 Rfd8 24. Qb4 Rd7 25. Qb6 Qc7 26. Qxc7 Rcxc7 27. Rc5 Kf8 28. Kf2 f6 29. Bg4 Rd6 30. Ke3 Ke7 31. Rdc1 Rd5 32. R5c4 e5 33. dxe5 Rxe5+ 34. Kf2 c5 35. b4 Kd6 36. Rd1+ Rd5 37. bxc5+ Rcxc5 38. Rxc5 Kxc5 39. Rc1+ Kd6 40. Bf3 Rf5 41. Rd1+ Ke7 42. Re1+ Kf7 43. Kg3 Bxf3 44. gxf3 Rg5+ 45. Kf4 Rg2 46. h3 g5+ 47. Kf5 Rg3 48. f4 Rf3 49. Re4 Rxf4+ 50. Rxf4 gxf4 51. Kxf4 Ke6 0-1